000 00358nam a2200133Ia 4500
008 240624s9999 xx 000 0 und d
041 _aeng
082 _a658.4 ROB
100 _aROBINSON HERBERT
245 _aGOVERNANCE AND KNOWLEDGE MANAGEMENT FOR
260 _c2010
_aNew Jersey
_bWiley-Blackwell
300 _axiii, : 247 : p. : cm. ; 25
365 _c
_b30
999 _c14895
_d14895